Complexity and group processes: a radically social understanding of individuals. (Record no. 6390)

MARC details
000 -LEADER
fixed length control field 00593nam a22001937i 4500
003 - CONTROL NUMBER IDENTIFIER
control field URS
020 ## - INTERNATIONAL STANDARD BOOK NUMBER
International Standard Book Number 9781138011977
050 ## - LIBRARY OF CONGRESS CALL NUMBER
Classification number RC510
Item number St1c 2014
100 1# - MAIN ENTRY--PERSONAL NAME
Personal name Stacey, Ralph D.
245 ## - TITLE STATEMENT
Title Complexity and group processes: a radically social understanding of individuals.
264 #1 - PRODUCTION, PUBLICATION, DISTRIBUTION, MANUFACTURE, AND COPYRIGHT NOTICE
Place of production, publication, distribution, manufacture New York :
Name of producer, publisher, distributor, manufacturer Routledge,
Date of production, publication, distribution, manufacture, or copyright notice 2014.
300 ## - PHYSICAL DESCRIPTION
Extent 376 pages
Other physical details illustrations
Dimensions 21cm
336 ## - CONTENT TYPE
Content type term text
Content type code txt
Source rdacontent
337 ## - MEDIA TYPE
Media type term unmediated
Media type code n
Source rdamedia
338 ## - CARRIER TYPE
Carrier type term volume
Carrier type code nc
Source rdacarrier
505 ## - FORMATTED CONTENTS NOTE
Formatted contents note Includes bibliographical references and index
650 #0 - SUBJECT ADDED ENTRY--TOPICAL TERM
Topical term or geographic name entry element Group psycho analysis.
942 ## - ADDED ENTRY ELEMENTS (KOHA)
Koha item type Foreign Books
Holdings
Withdrawn status Damaged status Not for loan Collection code Home library Current library Shelving location Date acquired Source of acquisition Total Checkouts Full call number Barcode Date last seen Price effective from Koha item type
      Non-fiction Pililla College Library Pililla College Library General Stacks 02/17/2016 purchased   616.89 St1c 2014 URSPIL-5441 07/24/2018 02/17/2016 Foreign Books

University of Rizal System
Email us at univlibservices@urs.edu.ph

Visit our Website www.urs.edu.ph/library